A Honalapítástól a mai Szegedig Dr. Szalay József történelmi képsorozata a Dóm téren /
Elmentve itt :
| Szerző: | |
|---|---|
| Dokumentumtípus: | Cikk |
| Megjelent: |
1933-08-31
|
| Sorozat: | Délmagyarország
9 No. 197 |
| Kulcsszavak: | Szalay József, Szeged története, Dugonics-Társaság Szeged 1933, Szeged |
| Online Access: | http://dmarchiv.bibl.u-szeged.hu/48034 |
| LEADER | 00559nab a2200157 i 4500 | ||
|---|---|---|---|
| 001 | delm48034 | ||
| 005 | 20180927134910.0 | ||
| 008 | 180927s1933 hu o 0|| hun d | ||
| 040 | |a SZTE Délmagyarország Archívum |b hun | ||
| 041 | |a hun | ||
| 100 | 3 | |a k.i. | |
| 245 | 1 | 2 | |a A Honalapítástól a mai Szegedig |h [elektronikus dokumentum] : |b Dr. Szalay József történelmi képsorozata a Dóm téren / |c k.i. |
| 260 | |c 1933-08-31 | ||
| 300 | |a 5 | ||
| 490 | 0 | |a Délmagyarország |v 9 No. 197 | |
| 695 | |a Szalay József, Szeged története, Dugonics-Társaság Szeged 1933, Szeged | ||